Estadísticas para 15 principales países con muertes de Covid-19 - 30 de mayo

Haz click aquí para intentar la prueba.

Estadísticas generales

  • Esta prueba ha sido intentada 3 veces
  • La puntuación promedio es 19 de 21

Estadísticas de respuestas

país% Correcto
Alemania
100%
Bélgica
100%
Brasil
100%
Canadá
100%
China
100%
España
100%
Estados Unidos
100%
Francia
100%
India
100%
Irán
100%
Italia
100%
México
100%
Perú
100%
Reino Unido
100%
Rusia
100%
Suiza
100%
Irlanda
67%
Países Bajos
67%
Suecia
67%
Ecuador
33%
Portugal
33%

Distribución de puntuación

Porcentaje por número respondido

Porcentaje de gente con cada puntuación

Historial de tus puntuaciones

No has intentado esta prueba.